[Event "La Dorada op"]
[Site "La Dorada"]
[Date "2021.09.04"]
[Round "3"]
[White "Torres, Juan Camilo"]
[Black "Gomez Loaiza, Jhon Fredy"]
[Result "1-0"]
[WhiteElo "2266"]
[BlackElo "1966"]
[PlyCount "75"]
[EventDate "2021.09.03"]
[EventType "swiss"]
[EventRounds "7"]
[EventCountry "COL"]
[SourceTitle "EXT 2022"]
[Source "ChessBase"]
[SourceDate "2021.10.06"]
[SourceVersion "1"]
[SourceVersionDate "2021.10.06"]
[SourceQuality "1"]

1. d4 d5 2. c4 c6 3. Nf3 Nf6 4. Nc3 g6 5. Bf4 Bg7 6. e3 0-0 7. h3 e6 8. Be2 Re8 9. 0-0 Nbd7 10. Rc1 h6 11. cxd5 exd5 12. b4 b5 13. a4 a6 14. Qb3 Nb6 15. axb5 cxb5 16. Nxb5 axb5 17. Bc7 Qe7 18. Bxb6 Qe6 19. Bc7 Bd7 20. Ne5 Ra4 21. Nxd7 Qxd7 22. Be5 Ne4 23. Rc7 Qd8 24. Bxb5 Bxe5 25. Qxa4 Bxc7 26. Bxe8 Qd6 27. f4 Nf6 28. Bb5 Qe7 29. Rf3 Bd6 30. Bc6 Bxb4 31. Bxd5 Kg7 32. Bc6 Bd2 33. Qb3 Qd6 34. Bb7 Qc7 35. Rf1 Qe7 36. Kf2 g5 37. fxg5 hxg5 38. Bf3 1-0

[Event "COL-ch sf"]
[Site "Santa Rosa"]
[Date "2021.08.13"]
[Round "5"]
[White "Gomez Loaiza, Jhon Fredy"]
[Black "Bolanos Lopez, Juan Jacobo"]
[Result "1/2-1/2"]
[WhiteElo "2038"]
[BlackElo "1509"]
[PlyCount "58"]
[EventDate "2021.08.11"]
[EventType "swiss"]
[EventRounds "11"]
[EventCountry "COL"]
[SourceTitle "CBM 204 Extra"]
[Source "ChessBase"]
[SourceDate "2021.11.30"]
[SourceVersion "1"]
[SourceVersionDate "2021.11.30"]
[SourceQuality "1"]

1. d4 Nf6 2. Nf3 g6 3. c4 Bg7 4. e4 0-0 5. Nc3 d6 6. h3 e5 7. dxe5 dxe5 8. Qxd8 Rxd8 9. Bg5 Re8 10. Nb5 Na6 11. Bd3 c6 12. Nc3 Nc5 13. Bc2 Ne6 14. Be3 Nf4 15. 0-0 b6 16. b3 Bb7 17. Rad1 Ne6 18. g3 Nh5 19. Rd7 Bc8 20. Rdd1 Nd4 21. Nxd4 exd4 22. Bxd4 Bxh3 23. Rfe1 Bxd4 24. Rxd4 Rad8 25. Rd3 Rxd3 26. Bxd3 Rd8 27. Re3 Bg4 28. f3 Bc8 29. Kf2 Nf6 1/2-1/2

[Event "COL-ch sf"]
[Site "Santa Rosa"]
[Date "2021.08.13"]
[Round "4"]
[White "Mora Munoz, Alejandro"]
[Black "Gomez Loaiza, Jhon Fredy"]
[Result "1-0"]
[WhiteElo "1761"]
[BlackElo "2038"]
[PlyCount "159"]
[EventDate "2021.08.11"]
[EventType "swiss"]
[EventRounds "11"]
[EventCountry "COL"]
[SourceTitle "CBM 204 Extra"]
[Source "ChessBase"]
[SourceDate "2021.11.30"]
[SourceVersion "1"]
[SourceVersionDate "2021.11.30"]
[SourceQuality "1"]

1. e4 c6 2. d4 d5 3. Nc3 dxe4 4. Nxe4 Bf5 5. Ng3 Bg6 6. N1e2 e6 7. Nf4 Bd6 8. c3 Nf6 9. Bc4 Qc7 10. Qf3 Bxf4 11. Qxf4 Qd8 12. 0-0 0-0 13. a4 a5 14. Qf3 Nbd7 15. Bg5 h6 16. Bh4 Qb6 17. Bxf6 Nxf6 18. Bd3 Bxd3 19. Qxd3 Rfd8 20. Qc2 Nd5 21. Ne4 Qc7 22. g3 e5 23. Rad1 Re8 24. Nc5 exd4 25. Rxd4 Re7 26. Rfd1 b6 27. Nb3 Rae8 28. R4d2 Qc8 29. Nd4 Qh3 30. Re2 Rxe2 31. Nxe2 Qg4 32. Nd4 g6 33. f3 Qh5 34. Qf2 c5 35. Nb5 Re6 36. c4 Ne3 37. Rd8+ Kg7 38. Nc7 Qe5 39. Nxe6+ Qxe6 40. b3 Qe5 41. Qd2 Qa1+ 42. Kf2 Nf5 43. g4 Nd4 44. Qe3 Ne6 45. Rd7 Qf6 46. Kg3 g5 47. Rd5 Nd4 48. Qe5 Qxe5+ 49. Rxe5 Nxb3 50. Rd5 Nd4 51. Rd6 Ne2+ 52. Kf2 Nc3 53. Rxb6 Nxa4 54. Rb3 Kf6 55. Ke3 Ke5 56. Kd3 Kf4 57. Ke2 f5 58. h3 fxg4 59. hxg4 Ke5 60. Ke3 Kd6 61. Ke4 Kc6 62. Ra3 Nb2 63. Rxa5 Nxc4 64. Ra8 Nd2+ 65. Ke3 Nc4+ 66. Kd3 Nd6 67. Rh8 Kd5 68. Rxh6 c4+ 69. Kc2 Nb5 70. Rf6 Kc5 71. f4 Nd4+ 72. Kb1 gxf4 73. Rxf4 Kd5 74. g5 Ne6 75. Rf5+ Ke4 76. Ra5 Nf4 77. Kc2 Ng6 78. Kc3 Kf4 79. Kxc4 Ne5+ 80. Kd5 1-0

[Event "Coliseo Department-ch"]
[Site "Coliseo"]
[Date "2020.12.13"]
[Round "6"]
[White "Gomez Loaiza, Jhon Fredy"]
[Black "Vargas Arteaga, Alexis"]
[Result "1/2-1/2"]
[WhiteElo "2022"]
[BlackElo "2256"]
[PlyCount "22"]
[EventDate "2020.12.11"]
[EventType "swiss"]
[EventRounds "7"]
[EventCountry "COL"]
[SourceTitle "EXT 2022"]
[Source "ChessBase"]
[SourceDate "2021.10.06"]
[SourceVersion "1"]
[SourceVersionDate "2021.10.06"]
[SourceQuality "1"]

1. d4 Nf6 2. Nf3 e6 3. Bf4 d5 4. e3 Bd6 5. Bg3 c5 6. c3 Nc6 7. Nbd2 0-0 8. Bd3 b6 9. 0-0 Bb7 10. Re1 Bxg3 11. hxg3 Qc7 1/2-1/2

[Event "Coliseo Department-ch"]
[Site "Coliseo"]
[Date "2020.12.12"]
[Round "4"]
[White "Hernandez Fonseca, Maria Paula"]
[Black "Gomez Loaiza, Jhon Fredy"]
[Result "1/2-1/2"]
[WhiteElo "1952"]
[BlackElo "2022"]
[PlyCount "111"]
[EventDate "2020.12.11"]
[EventType "swiss"]
[EventRounds "7"]
[EventCountry "COL"]
[SourceTitle "EXT 2022"]
[Source "ChessBase"]
[SourceDate "2021.10.06"]
[SourceVersion "1"]
[SourceVersionDate "2021.10.06"]
[SourceQuality "1"]

1. e4 c6 2. d4 d5 3. Nc3 dxe4 4. Nxe4 Bf5 5. Ng3 Bg6 6. Nf3 e6 7. h4 h6 8. Bd3 Bxd3 9. Qxd3 Nd7 10. Bf4 Ngf6 11. 0-0-0 Nd5 12. Bd2 Nb4 13. Qb3 a5 14. a3 a4 15. Qe3 Nd5 16. Qe2 b5 17. c3 Be7 18. Nh5 Bf6 19. g4 g6 20. Nf4 Nxf4 21. Bxf4 Nb6 22. g5 Nd5 23. Be5 hxg5 24. hxg5 Bxe5 25. dxe5 Kd7 26. c4 bxc4 27. Qxc4 Qb6 28. Rxh8 Rxh8 29. Qxa4 Qxf2 30. Nd4 Rc8 31. Qa7+ Rc7 32. Qc5 Qe3+ 33. Kb1 Qxe5 34. Rf1 Qe4+ 35. Ka1 Nf4 36. Nb3 e5 37. Qf8 c5 38. Nxc5+ Rxc5 39. Qxc5 Qe2 40. Rc1 Ke6 41. Qc8+ Kd5 42. Qc6+ Kd4 43. Qd7+ Ke3 44. Rc3+ Nd3 45. Qa7+ Kf4 46. Qxf7+ Kxg5 47. Qe7+ Kf5 48. Qd7+ Ke4 49. Qb7+ Kf4 50. Rc4+ e4 51. Qf7+ Ke3 52. Qa7+ Kf3 53. Qf7+ Nf4 54. Rc3+ e3 55. Rc4 g5 56. Ka2 1/2-1/2

[Event "COL-chT"]
[Site "Ibague"]
[Date "2017.07.20"]
[Round "3.4"]
[White "Gomez Loaiza, Jhon Fredy"]
[Black "Cespedes, Fabio"]
[Result "1-0"]
[WhiteElo "1991"]
[BlackElo "1682"]
[PlyCount "86"]
[EventDate "2017.07.19"]
[EventType "team-swiss"]
[EventRounds "6"]
[EventCountry "COL"]
[SourceTitle "CBM 179 Extra"]
[Source "ChessBase"]
[SourceDate "2017.08.23"]
[SourceVersion "1"]
[SourceVersionDate "2017.08.23"]
[SourceQuality "1"]
[WhiteTeam "Caldas II"]
[BlackTeam "Tolima II"]
[WhiteTeamCountry "COL"]
[BlackTeamCountry "COL"]

1. d4 Nf6 2. Nf3 d5 3. g3 Bf5 4. Bg2 e6 5. c4 c6 6. cxd5 exd5 7. 0-0 Bd6 8. Nc3 0-0 9. Nh4 Bg4 10. f3 Bh5 11. Nf5 Bc7 12. Qb3 Bb6 13. Na4 Nbd7 14. Nxb6 Nxb6 15. Bf4 Bg6 16. Nh4 Re8 17. Nxg6 hxg6 18. Rae1 Nh5 19. Bc1 Qd7 20. Kh1 Re7 21. Qd3 Rae8 22. e4 dxe4 23. fxe4 Nf6 24. Bd2 Rd8 25. Bc3 Na4 26. Qc4 Nxc3 27. bxc3 b5 28. Qc5 Rde8 29. e5 Nd5 30. a4 a6 31. axb5 axb5 32. Ra1 Rc8 33. Rfe1 Qb7 34. c4 bxc4 35. Qxc4 Ree8 36. Rac1 Red8 37. Rcd1 Qd7 38. e6 fxe6 39. Qc2 Kh7 40. Re5 Nf6 41. Rg5 Qf7 42. h4 Rb8 43. Rf1 Kg8 1-0

[Event "COL-ch Amateur"]
[Site "San Andres Islas"]
[Date "2013.03.16"]
[Round "6"]
[White "Gomez Loaiza, Jhon Fredy"]
[Black "Martinez, Luis Hernando"]
[Result "1/2-1/2"]
[WhiteElo "1991"]
[BlackElo "1600"]
[PlyCount "173"]
[EventDate "2013.03.13"]
[EventType "swiss"]
[EventRounds "9"]
[EventCountry "COL"]
[SourceTitle "CBM 153 Extra"]
[Source "ChessBase"]
[SourceDate "2013.04.22"]
[SourceVersion "1"]
[SourceVersionDate "2013.04.22"]
[SourceQuality "1"]

1. d4 Nf6 2. Nf3 g6 3. g3 Bg7 4. Bg2 0-0 5. 0-0 d6 6. c4 Nbd7 7. Nc3 c6 8. Qc2 Qa5 9. h3 e5 10. e3 Re8 11. Bd2 Qc7 12. d5 a6 13. e4 cxd5 14. cxd5 b5 15. Rac1 b4 16. Na4 Qxc2 17. Rxc2 a5 18. Rfc1 Ba6 19. Bf1 Bxf1 20. Kxf1 Nxe4 21. Be3 Nec5 22. Nxc5 Nxc5 23. Bxc5 dxc5 24. Rxc5 e4 25. Nd2 Bxb2 26. R1c2 Bc3 27. Nc4 a4 28. Ke2 Rec8 29. Rxc8+ Rxc8 30. Nb6 b3 31. axb3 axb3 32. Rc1 b2 33. Rb1 Rd8 34. f3 exf3+ 35. Kxf3 Bd4 36. Nc4 f5 37. d6 Kf7 38. g4 Ke6 39. Nxb2 fxg4+ 40. hxg4 Kd5 41. Nd3 Rxd6 42. Nf4+ Kc4 43. Ke4 Rd7 44. Rc1+ Bc3 45. Ne2 Rd3 46. Nxc3 Rxc3 47. Rh1 h5 48. g5 Rg3 49. Rc1+ Kb3 50. Rc5 h4 51. Kf4 Rg1 52. Re5 Kc4 53. Re2 Kd5 54. Rh2 Ra1 55. Kg4 Ra4+ 56. Kh3 Ke4 57. Rf2 Ra3+ 58. Kxh4 Rf3 59. Re2+ Kf5 60. Rg2 Rf1 61. Ra2 Rh1+ 62. Kg3 Kxg5 63. Ra5+ Kh6 64. Ra8 Rb1 65. Kg4 Rb4+ 66. Kg3 Kh5 67. Rh8+ Kg5 68. Ra8 Rb3+ 69. Kg2 Kh5 70. Ra7 g5 71. Ra8 Kh4 72. Ra2 Rg3+ 73. Kh2 Re3 74. Kg2 g4 75. Rb2 Rg3+ 76. Kh2 Ra3 77. Kg2 Re3 78. Ra2 Kg5 79. Rb2 Kf4 80. Rb4+ Kf5 81. Rb2 Kf4 82. Rb4+ Re4 83. Rb2 g3 84. Ra2 Kg4 85. Rb2 Kf4 86. Ra2 Rd4 87. Rb2 1/2-1/2

[Event "Manizales op 23rd"]
[Site "Caldas"]
[Date "2011.01.08"]
[Round "4"]
[White "Villamil, Nahum Jose"]
[Black "Gomez Loaiza, Jhon Fredy"]
[Result "1/2-1/2"]
[WhiteElo "1814"]
[BlackElo "1983"]
[PlyCount "76"]
[EventDate "2011.01.06"]
[EventType "swiss"]
[EventRounds "7"]
[EventCountry "COL"]
[SourceTitle "CBM 140 Extra"]
[Source "ChessBase"]
[SourceDate "2011.03.01"]
[SourceVersion "1"]
[SourceVersionDate "2011.03.01"]
[SourceQuality "1"]

1. e4 c6 2. d4 d5 3. e5 Bf5 4. Ne2 e6 5. Ng3 Bg6 6. Bd3 Bxd3 7. Qxd3 Ne7 8. 0-0 Qb6 9. Nc3 Nd7 10. Be3 h5 11. h4 g6 12. a4 Nf5 13. Nxf5 exf5 14. Bg5 Be7 15. Bxe7 Kxe7 16. Ne2 Nf8 17. Nf4 Qc7 18. Qg3 Ne6 19. Qa3+ Ke8 20. Nxe6 fxe6 21. Qg3 Kf7 22. Ra3 Qe7 23. Rb3 Rab8 24. Qf4 Rhg8 25. Rg3 Kg7 26. Re1 Kh7 27. Ree3 Rg7 28. Rg5 Qb4 29. Reg3 Qe1+ 30. Kh2 Qe4 31. Qxe4 fxe4 32. Re3 Rf8 33. Kg1 Rf4 34. g3 Rf5 35. Rxf5 gxf5 36. Kh2 Rg4 37. Rb3 Rg7 38. Re3 Kg8 1/2-1/2

[Event "Manizales op 22nd"]
[Site "Manizales"]
[Date "2010.01.09"]
[Round "4"]
[White "Molina, Gildardo"]
[Black "Gomez Loaiza, Jhon Fredy"]
[Result "0-1"]
[WhiteElo "2113"]
[BlackElo "1967"]
[PlyCount "88"]
[EventDate "2010.01.07"]
[EventType "swiss"]
[EventRounds "5"]
[EventCountry "COL"]
[SourceTitle "CBM 134 Extra"]
[Source "ChessBase"]
[SourceDate "2010.03.03"]
[SourceVersion "1"]
[SourceVersionDate "2010.03.03"]
[SourceQuality "1"]

1. e4 c6 2. d4 d5 3. Nc3 Nf6 4. e5 Nfd7 5. Nf3 e6 6. Bd3 c5 7. dxc5 Bxc5 8. 0-0 Nc6 9. Bf4 a6 10. Bg3 Nb4 11. Be2 0-0 12. a3 Nc6 13. Bd3 Re8 14. Re1 Nf8 15. Qd2 Be7 16. Rad1 b5 17. Ne2 b4 18. a4 a5 19. Nfd4 Nxd4 20. Nxd4 Ba6 21. Nc6 Qc7 22. Nxe7+ Qxe7 23. h4 Rec8 24. h5 Bxd3 25. cxd3 h6 26. Rc1 Qg5 27. Qxg5 hxg5 28. Kf1 Nd7 29. Ke2 Nc5 30. Ra1 Nb3 31. Rab1 Rc2+ 32. Ke3 d4+ 33. Ke4 Nd2+ 34. Kxd4 Nxb1 35. Rxb1 Rac8 36. Ke3 Rc1 37. Rxc1 Rxc1 38. Kd2 Rc6 39. f4 b3 40. Kd1 Rc2 41. fxg5 Rxb2 42. Kc1 Ra2 43. Bf4 Rxa4 44. g3 Ra2 0-1

[Event "La Dorada Alfil Dorado CC"]
[Site "La Dorada"]
[Date "2009.10.10"]
[Round "2.2"]
[White "Gomez Loaiza, Jhon Fredy"]
[Black "Uribe Fajardo, Juan Felipe"]
[Result "1/2-1/2"]
[WhiteElo "1955"]
[BlackElo "1970"]
[PlyCount "65"]
[EventDate "2009.10.09"]
[EventType "tourn"]
[EventRounds "8"]
[EventCountry "COL"]
[SourceTitle "EXT 2024"]
[Source "ChessBase"]
[SourceDate "2023.10.10"]
[SourceVersion "1"]
[SourceVersionDate "2023.10.10"]
[SourceQuality "1"]

1. e4 e5 2. Nf3 Nc6 3. d4 exd4 4. Nxd4 Bc5 5. Nb3 Bb6 6. Bd3 Nf6 7. 0-0 d6 8. h3 Qe7 9. Nc3 0-0 10. Nd5 Nxd5 11. exd5 Ne5 12. Be4 Qf6 13. c3 Bf5 14. Bxf5 Qxf5 15. Nd4 Bxd4 16. Qxd4 Qd3 17. Qxd3 Nxd3 18. Rd1 Ne5 19. Bf4 Rfe8 20. b3 Ng6 21. Be3 a6 22. Re1 f6 23. Kf1 Kf7 24. Bd4 Ne5 25. Bxe5 Rxe5 26. Rxe5 dxe5 27. c4 Rd8 28. Ke2 Ke7 29. Rd1 Kd6 30. b4 b6 31. a3 f5 32. f3 g6 33. Ke3 1/2-1/2

[Event "La Dorada Alfil Dorado CC"]
[Site "La Dorada"]
[Date "2009.10.09"]
[Round "1.2"]
[White "Torres, Juan Camilo"]
[Black "Gomez Loaiza, Jhon Fredy"]
[Result "1-0"]
[WhiteElo "2190"]
[BlackElo "1955"]
[PlyCount "77"]
[EventDate "2009.10.09"]
[EventType "tourn"]
[EventRounds "8"]
[EventCountry "COL"]
[SourceTitle "EXT 2024"]
[Source "ChessBase"]
[SourceDate "2023.10.10"]
[SourceVersion "1"]
[SourceVersionDate "2023.10.10"]
[SourceQuality "1"]

1. e4 c6 2. d4 d5 3. Nd2 Nf6 4. e5 Ne4 5. Nxe4 dxe4 6. Bc4 e6 7. Ne2 c5 8. d5 exd5 9. Bxd5 Qe7 10. Bf4 Nd7 11. Bxe4 Nxe5 12. 0-0 Ng6 13. Bf3 Qf6 14. Bg3 Be7 15. Nc3 0-0 16. Nd5 Qxb2 17. Nxe7+ Nxe7 18. Bd6 Rd8 19. Qe2 Ng6 20. Bxc5 Bf5 21. Rfb1 Qxc2 22. Qxc2 Bxc2 23. Rxb7 Rac8 24. Bxa7 h6 25. Bb6 Rd2 26. Be3 Rdd8 27. a4 Ne5 28. Be2 Bd3 29. Bxd3 Rxd3 30. h3 Rc2 31. a5 Nc4 32. Bf4 g5 33. Bg3 Ra3 34. Rxa3 Nxa3 35. a6 Ra2 36. a7 Nc4 37. Rb8+ Kg7 38. a8Q Rxa8 39. Rxa8 1-0